002870000a2200121000450000500170000008200180001710000140003524500540004926000240010326000090012730000080013665000210014420250903143926.0 a582.16 TRE.03 aBean, W J aTrees and shrubs hardy in the British Isles.Vol.3 aLondon, John Murray c1914 a664 aTrees and shrubs